Path to true happiness will not be smooth in 2011 (Record no. 83014)

MARC details
000 -LEADER
fixed length control field 01051cab a22001935a 4500
001 - CONTROL NUMBER
control field L152594
008 - FIXED-LENGTH DATA ELEMENTS--GENERAL INFORMATION
fixed length control field 110331e20110107xxk 000 0 eng d
035 ## - SYSTEM CONTROL NUMBER
System control number (Sirsi) u152594
041 0# - LANGUAGE CODE
Language code of text/sound track or separate title eng
110 2# - MAIN ENTRY--CORPORATE NAME
Corporate name or jurisdiction name as entry element Property Week
9 (RLIN) 1549
245 00 - TITLE STATEMENT
Title Path to true happiness will not be smooth in 2011
260 ## - PUBLICATION, DISTRIBUTION, ETC.
Date of publication, distribution, etc. 2011
490 #0 - SERIES STATEMENT
Series statement Property Week
Volume/sequential designation 77(1) 7 January 2011, 34(1)
520 ## - SUMMARY, ETC.
Summary, etc. Cushman & Wakefield's latest UK property investment market analysis shows prime yields unchanged in December 2010 ending the year at 5.7% and 38 basis points lower than at the beginning. Yield compression in 2010 was lead by offices with an average fall of 46 basis points compared with retail's 39 and industrial's 22. Across the subsectors London retail and offices and also regional shopping centres showed the top fall of 75 basis points. Table displays current and some historic yields across all subsectors.
590 ## - LOCAL NOTE (RLIN)
Local note KA
651 #4 - SUBJECT ADDED ENTRY--GEOGRAPHIC NAME
Geographic name United Kingdom
Chronological subdivision
690 ## - LOCAL SUBJECT ADDED ENTRY--TOPICAL TERM (OCLC, RLIN)
Topical term or geographic name as entry element PROPERTY-COMMERCIAL PROPERTY-COMMERCIAL PROPERTY FINANCE AND INVESTMENT
942 ## - ADDED ENTRY ELEMENTS (KOHA)
Suppress in OPAC 0
Holdings
Withdrawn status Lost status Source of classification or shelving scheme Damaged status Not for loan Home library Current library Shelving location Date acquired Total Checkouts Full call number Barcode Date last seen Copy number Price effective from Koha item type
    Dewey Decimal Classification     London London Journal article 31/03/2011   L152594 152594-1001 06/08/2019 1 06/08/2019 Journal article